000 00293nam a22001337a 4500
008 170619b xxu||||| |||| 00| 0 eng d
020 _a9781421412436
041 _aeng
080 _a32
100 _a20
101 _aSHP
245 _aWILL CHINA DEMOCRATIZE?
_cNATHAN,A.J
942 _2udc
_cBK
999 _c18091
_d18091